جمنا تٹ (Record no. 179509)

MARC details
000 -LEADER
fixed length control field 00727nam a22001937a 4500
005 - DATE AND TIME OF LATEST TRANSACTION
control field 20210630115211.0
010 ## - LCCN (DPL NO)
LC control number UR-11145
020 ## - INTERNATIONAL STANDARD BOOK NUMBER
Terms of availability 35.00
International Standard Book Number -
035 ## - SYSTEM CONTROL NUMBER
System control number U-9700
037 ## - SOURCE OF ACQUISITION
Source of stock number/acquisition DBAD/PUB
082 ## - DEWEY DECIMAL CLASSIFICATION NUMBER
Classification number 440
100 ## - MAIN ENTRY--PERSONAL NAME
Personal name چيف ا يڈ يٹر ا و ر ڈ اير یکٹر ا و ر پر نسپل
245 ## - TITLE STATEMENT
Title جمنا تٹ
Statement of responsibility, etc چيف ا يڈ يٹر ا و ر ڈ اير یکٹر ا و ر پر نسپل
246 ## - VARYING FORM OF TITLE
Title proper/short title Jamna Tat (Urdu)
Remainder of title by Arundharti Roy / Translated by Arjumand Ara
260 ## - PUBLICATION, DISTRIBUTION, ETC. (IMPRINT)
Place of publication, distribution, etc Haryana
Date of publication, distribution, etc 2017 ء
Name of publisher, distributor, etc Haryana Urdu Acedemy
270 ## - ADDRESS
Address Haryana Urdu Acedemy bhawan,I.P.16,Secter 14,Panchkula
City Haryana
Postal code 134113
Fax number -
300 ## - PHYSICAL DESCRIPTION
Extent 136+16 ص
Dimensions 22 Cm(Hb)
942 ## - ADDED ENTRY ELEMENTS (KOHA)
Source of classification or shelving scheme Dewey Decimal Classification
Item type Urdu Bks
Classification part 440
Call number suffix ج م ن
Holdings
Withdrawn status Lost status Not for loan Collection code Home library Current library Date acquired Source of acquisition Cost, normal purchase price Full call number Barcode Copy number Cost, replacement price Koha item type
      Non-fiction D.B.Act.Division D.B.Act.Division 16/06/2021 DBAD/PUB 35.00 440 ج م ن U-9700 1 35.00 Urdu Bks

© Delhi Public Library
Hit Counter
free hit counter